Zákon č. 125/1998 Z.z. z 3. apríla 1998 o životnom minime a o ustanovení súm na účely štátnych sociálnych dávok

Úplné znenie zákona č. 125/1998 Z.z. z 3. apríla 1998 o životnom minime a o ustanovení súm na účely štátnych sociálnych dávok. Dôvodová správa k zákonu č. 125/1998 Z.z.

Salvato in:
Dettagli Bibliografici
Natura: Capitolo di libro
Lingua:slovacco
Soggetti:
Tags: Aggiungi Tag
Nessun Tag, puoi essere il primo ad aggiungerne!!

MARC

LEADER 00000naa a2200000 4500
001 r032373
005 20230926072500.5
041 0 |a slo 
044 |a SK 
245 1 0 |a Zákon č. 125/1998 Z.z. z 3. apríla 1998 o životnom minime a o ustanovení súm na účely štátnych sociálnych dávok 
520 |a Úplné znenie zákona č. 125/1998 Z.z. z 3. apríla 1998 o životnom minime a o ustanovení súm na účely štátnych sociálnych dávok. Dôvodová správa k zákonu č. 125/1998 Z.z. 
610 2 0 |a minimum existenčné 
610 2 0 |a dávky sociálne 
610 2 0 |a zákony 
610 2 0 |a Slovensko 
610 2 0 |a komentáre 
610 2 0 |a 1998